| 000 | 00343nam a2200145Ia 4500 | ||
|---|---|---|---|
| 008 | 241211s9999||||xx |||||||||||||| ||und|| | ||
| 020 | _a9789383866625 | ||
| 082 |
_a506 _bSHA/A |
||
| 100 | _aSharma,T.R | ||
| 245 | 0 | _aAuditing | |
| 250 | _a1st Edition | ||
| 260 |
_aAgra _bSahitya Bhawan Publications _c2024 |
||
| 300 | _a324p. | ||
| 942 | _cBK | ||
| 999 |
_c47668 _d47668 |
||